| 000 | 00867nam a22002417a 4500 | ||
|---|---|---|---|
| 999 |
_c58815 _d58815 |
||
| 005 | 20240515161250.0 | ||
| 008 | 220919s2019 enk||||| |||| 00| 0 eng d | ||
| 020 | _a9789352706921x | ||
| 041 | _aeng | ||
| 080 | _a612 S-46 | ||
| 100 |
_aSembulingam, K. _98336 |
||
| 245 |
_a Review of Medical Physiology / _bK. Sembulingam, Sembulingam, Prema. |
||
| 250 | _aEighth Edition. | ||
| 264 |
_aNew Delhi : _bJaypee Brothers Medical Pub, _c2019. |
||
| 300 |
_a144 p.; _b27 cm. |
||
| 653 | _aმედიცინა | ||
| 653 | _aფიზიოლოგია | ||
| 653 | _aსამედიცინო ფიზიოლოგიის საფუძვლები | ||
| 653 | _a Основы медицинской физиологии | ||
| 653 | _a медицина | ||
| 700 |
_aSembulingam, Prema _eავტორი _914625 |
||
| 942 |
_2udc _cBK |
||